Manusia warisan ombak

Bibliographic Details
Main Author: Saadiah Ibrahim
Format: Book
Published: Kuala Lumpur : Dewan Bahasa dan Pustaka , 2015
Subjects:

MARC

LEADER 00000cam a2200000 7i4500
001 0000200533
005 20170407.0
020 |a 9789834903329 
090 0 0 |a F   |b SAA 
100 0 |a Saadiah Ibrahim 
245 1 0 |a Manusia warisan ombak   |c Saadiah Ibrahim 
260 |a Kuala Lumpur :   |b Dewan Bahasa dan Pustaka ,   |c 2015 
300 |a 382p. ;   |c 19cm. 
650 0 |a Malay fiction 
999 |a 00338846   |b BUKU   |c PINJAMAN   |e PERPUSTAKAAN KOMUNITI PETALING JAYA